Israeli Premier League Champions - Statistics

General Stats
  • This quiz has been taken 279 times
  • The average score is 56 of 82
Answer Stats
Season Champion % Correct
2022-2023 Maccabi Haifa
94%
2021-2022 Maccabi Haifa
94%
2020-2021 Maccabi Haifa
94%
2010-2011 Maccabi Haifa
94%
2008-2009 Maccabi Haifa
94%
2005-2006 Maccabi Haifa
94%
2004-2005 Maccabi Haifa
94%
2003-2004 Maccabi Haifa
94%
2001-2002 Maccabi Haifa
94%
2000-2001 Maccabi Haifa
94%
1993-1994 Maccabi Haifa
94%
1990-1991 Maccabi Haifa
94%
1988-1989 Maccabi Haifa
94%
1984-1985 Maccabi Haifa
94%
1983-1984 Maccabi Haifa
94%
2019-2020 Maccabi Tel Aviv
94%
2018-2019 Maccabi Tel Aviv
94%
2014-2015 Maccabi Tel Aviv
94%
2013-2014 Maccabi Tel Aviv
94%
2012-2013 Maccabi Tel Aviv
94%
2002-2003 Maccabi Tel Aviv
94%
1995-1996 Maccabi Tel Aviv
94%
1994-1995 Maccabi Tel Aviv
94%
1991-1992 Maccabi Tel Aviv
94%
1978-1979 Maccabi Tel Aviv
94%
1976-1977 Maccabi Tel Aviv
94%
1971-1972 Maccabi Tel Aviv
94%
1969-1970 Maccabi Tel Aviv
94%
1966-1968 Maccabi Tel Aviv
94%
1957-1958 Maccabi Tel Aviv
94%
1955-1956 Maccabi Tel Aviv
94%
1953-1954 Maccabi Tel Aviv
94%
1951-1952 Maccabi Tel Aviv
94%
1949-1950 Maccabi Tel Aviv
94%
1946-1947 Maccabi Tel Aviv
94%
1941-1942 Maccabi Tel Aviv
94%
1937 Maccabi Tel Aviv
94%
1935-1936 Maccabi Tel Aviv
94%
2009-2010 Hapoel Tel Aviv
75%
1999-2000 Hapoel Tel Aviv
75%
1987-1988 Hapoel Tel Aviv
75%
1985-1986 Hapoel Tel Aviv
75%
1980-1981 Hapoel Tel Aviv
75%
1968-1969 Hapoel Tel Aviv
75%
1965-1966 Hapoel Tel Aviv
75%
1956-1957 Hapoel Tel Aviv
75%
1944-1945 Hapoel Tel Aviv
75%
1943-1944 Hapoel Tel Aviv
75%
1940-1941 Hapoel Tel Aviv
75%
1938 Hapoel Tel Aviv
75%
1934-1935 Hapoel Tel Aviv
75%
1933-1934 Hapoel Tel Aviv
75%
2007-2008 Beitar Jerusalem
61%
2006-2007 Beitar Jerusalem
61%
1997-1998 Beitar Jerusalem
61%
1996-1997 Beitar Jerusalem
61%
1992-1993 Beitar Jerusalem
61%
1986-1987 Beitar Jerusalem
61%
2017-2018 Hapoel Be'er Sheva
48%
2016-2017 Hapoel Be'er Sheva
48%
2015-2016 Hapoel Be'er Sheva
48%
1975-1976 Hapoel Be'er Sheva
48%
1974-1975 Hapoel Be'er Sheva
48%
1998-1999 Hapoel Haifa
47%
2011-2012 Ironi Kiryat Shmona
24%
1962-1963 Hapoel Petah Tikva
22%
1961-1962 Hapoel Petah Tikva
22%
1960-1961 Hapoel Petah Tikva
22%
1959-1960 Hapoel Petah Tikva
22%
1958-1959 Hapoel Petah Tikva
22%
1954-1955 Hapoel Petah Tikva
22%
1982-1983 Maccabi Netanya
21%
1979-1980 Maccabi Netanya
21%
1977-1978 Maccabi Netanya
21%
1973-1974 Maccabi Netanya
21%
1970-1971 Maccabi Netanya
21%
1989-1990 Bnei Yehuda Tel Aviv
16%
1981-1982 Hapoel Kfar Saba
10%
1963-1964 Hapoel Ramat Gan
10%
1944-1945 Beitar Tel Aviv
7%
1972-1973 Hakoah Ramat Gan
5%
1964-1965 Hakoah Ramat Gan
5%
No matching quizzes found
Score Distribution
Percent of People with Each Score
Percentile by Number Answered
Your Score History
You have not taken this quiz